000
00313nam a2200133Ia 4500
008
240624s9999 xx 000 0 und d
041
_a
eng
082
_a
823 BAS
100
_a
BASU SAMIT
245
_a
TURBULENCE
260
_c
2010
_a
New Delhi
_b
Hachette India
300
_a
337 : p. : cm. ; 17
365
_c
RS
_b
20
999
_c
16579
_d
16579